[Event "Rowy op 09"]
[Site "Rowy"]
[Date "2012.09.??"]
[Round "9"]
[White "Przybylowicz, Kazimierz"]
[Black "Janocha, Jan"]
[Result "1/2-1/2"]
[WhiteElo "1732"]
[BlackElo "1832"]
[PlyCount "45"]
[EventDate "2012.09.??"]
[EventType "swiss"]
[EventRounds "9"]
[EventCountry "POL"]
[SourceTitle "EXT 2014"]
[Source "ChessBase"]
[SourceDate "2013.11.20"]
[SourceVersion "1"]
[SourceVersionDate "2013.11.20"]
[SourceQuality "1"]

1. e4 e6 2. d4 d5 3. Nd2 Nf6 4. e5 Nfd7 5. Bd3 c5 6. c3 Nc6 7. Ne2 a6 8. 0-0 b5 9. f4 g6 10. Nf3 Bg7 11. dxc5 Nxc5 12. Ned4 Bb7 13. Be3 Nxd3 14. Qxd3 0-0 15. Rf2 Qd7 16. Nxc6 Qxc6 17. Nd4 Qc4 18. Qxc4 dxc4 19. Rd1 Bd5 20. Nf3 Rfc8 21. Bd4 Bf8 22. g4 Be7 23. h3 1/2-1/2

[Event "Gdansk op 14th"]
[Site "Gdansk"]
[Date "2012.07.27"]
[Round "7"]
[White "Kostecki, Samuel"]
[Black "Przybylowicz, Kazimierz"]
[Result "1-0"]
[WhiteElo "1447"]
[BlackElo "1724"]
[PlyCount "84"]
[EventDate "2012.07.22"]
[EventType "swiss"]
[EventRounds "9"]
[EventCountry "POL"]
[SourceTitle "CBM 149 Extra"]
[Source "ChessBase"]
[SourceDate "2012.08.24"]
[SourceVersion "1"]
[SourceVersionDate "2012.08.24"]
[SourceQuality "1"]

1. d4 Nf6 2. Nf3 d5 3. c4 c6 4. Qc2 g6 5. g3 Bg7 6. Bg2 dxc4 7. Qxc4 0-0 8. 0-0 Nbd7 9. Rd1 Nb6 10. Qc2 Bf5 11. Qb3 Qc8 12. Bf4 Nbd5 13. Be5 a5 14. a3 a4 15. Qc4 Bh6 16. Bxf6 Nxf6 17. Nbd2 Be6 18. Qc2 Rd8 19. e3 Bg4 20. Nc4 Qc7 21. b3 axb3 22. Qxb3 b5 23. Nce5 Be6 24. Qc2 Bd5 25. Rdc1 Rdc8 26. Ne1 Bxg2 27. Kxg2 Qd6 28. N1d3 Nd5 29. Qc5 Ra6 30. Nb4 Nxb4 31. Qxb4 Qd5+ 32. Kg1 Bf8 33. Rc5 Qd8 34. Qc3 Qb6 35. Nd7 Qb7 36. Nxf8 Kxf8 37. Rc1 e6 38. e4 h5 39. d5 exd5 40. exd5 Rca8 41. dxc6 Qc7 42. Qh8+ Ke7 1-0

[Event "Gdansk op 14th"]
[Site "Gdansk"]
[Date "2012.07.24"]
[Round "4"]
[White "Wyczling, Artur"]
[Black "Przybylowicz, Kazimierz"]
[Result "1-0"]
[WhiteElo "1499"]
[BlackElo "1724"]
[PlyCount "66"]
[EventDate "2012.07.22"]
[EventType "swiss"]
[EventRounds "9"]
[EventCountry "POL"]
[SourceTitle "CBM 149 Extra"]
[Source "ChessBase"]
[SourceDate "2012.08.24"]
[SourceVersion "1"]
[SourceVersionDate "2012.08.24"]
[SourceQuality "1"]

1. d4 Nf6 2. c4 g6 3. Nc3 Bg7 4. e4 d6 5. f3 Nbd7 6. Be3 c5 7. d5 a6 8. a4 0-0 9. Nge2 Qc7 10. Ng3 e6 11. Be2 exd5 12. cxd5 Re8 13. 0-0 Rb8 14. Qd2 Nf8 15. h3 Bd7 16. a5 b5 17. axb6 Qxb6 18. Rab1 Bb5 19. Nxb5 axb5 20. b4 Qc7 21. bxc5 dxc5 22. Bf4 Qd7 23. Bxb8 Rxb8 24. Qa5 Qd6 25. f4 N6d7 26. Bxb5 Bd4+ 27. Kh1 Qe7 28. Bxd7 Rxb1 29. Rxb1 Nxd7 30. Qc7 Qh4 31. Qxd7 Qxg3 32. Qg4 Qd3 33. Rc1 Bf2 1-0

[Event "Tatry op"]
[Site "Tatranske Zruby"]
[Date "2010.10.02"]
[Round "1"]
[White "Olvecky, Jaroslav"]
[Black "Przybylowicz, Kazimierz"]
[Result "1-0"]
[WhiteElo "1919"]
[BlackElo "1808"]
[PlyCount "67"]
[EventDate "2010.10.02"]
[EventType "swiss"]
[EventRounds "9"]
[EventCountry "SVK"]
[SourceTitle "CBM 138 Extra"]
[Source "ChessBase"]
[SourceDate "2010.10.29"]
[SourceVersion "1"]
[SourceVersionDate "2010.10.29"]
[SourceQuality "1"]

1. d4 Nf6 2. Nf3 d5 3. c4 c6 4. Nc3 e6 5. e3 Be7 6. Bd2 Nbd7 7. b3 0-0 8. Bd3 Re8 9. Qc2 Qc7 10. cxd5 exd5 11. 0-0 Nf8 12. Ne5 Bd6 13. f4 a6 14. a4 Bd7 15. a5 c5 16. Na4 Bxa4 17. Rxa4 Rac8 18. Qb1 Ne4 19. Bxe4 dxe4 20. Qxe4 Re6 21. Qf3 cxd4 22. Rc4 Qb8 23. exd4 Rd8 24. f5 Ree8 25. Bc3 Nd7 26. Nxd7 Bxh2+ 27. Kh1 Rxd7 28. f6 Re6 29. d5 Re8 30. Qh3 Rxd5 31. Rg4 h5 32. Rxg7+ Kh8 33. Qxh2 Qd8 34. Qf4 1-0

[Event "Polanica Zdroj op-E 46th"]
[Site "Polanica Zdroj"]
[Date "2010.08.23"]
[Round "5"]
[White "Przybylowicz, Kazimierz"]
[Black "Galyga, Jozef"]
[Result "1/2-1/2"]
[WhiteElo "1831"]
[BlackElo "1885"]
[PlyCount "31"]
[EventDate "2010.08.19"]
[EventType "swiss"]
[EventRounds "10"]
[EventCountry "POL"]
[SourceTitle "CBM 138 Extra"]
[Source "ChessBase"]
[SourceDate "2010.10.29"]
[SourceVersion "1"]
[SourceVersionDate "2010.10.29"]
[SourceQuality "1"]

1. e4 e6 2. d4 d5 3. Nc3 dxe4 4. Nxe4 Bd7 5. Nf3 Bc6 6. Bd3 Nd7 7. 0-0 Ngf6 8. Bg5 h6 9. Bxf6 gxf6 10. Qe2 f5 11. Ned2 Qf6 12. Nb3 a5 13. a4 Rg8 14. Bb5 Bd6 15. Bxc6 bxc6 16. g3 1/2-1/2

[Event "Gdansk op 12th "]
[Site "Gdansk"]
[Date "2010.07.23"]
[Round "8"]
[White "Kapica, Wlodzimierz"]
[Black "Przybylowicz, Kazimierz"]
[Result "0-1"]
[WhiteElo "2053"]
[BlackElo "1831"]
[PlyCount "88"]
[EventDate "2010.07.17"]
[EventType "swiss"]
[EventRounds "9"]
[EventCountry "POL"]
[SourceTitle "EXT 2011"]
[Source "ChessBase"]
[SourceDate "2010.11.26"]
[SourceVersion "1"]
[SourceVersionDate "2010.11.26"]
[SourceQuality "1"]

1. e4 c5 2. Nf3 Nc6 3. Bb5 a6 4. Bxc6 dxc6 5. 0-0 g6 6. d3 Bg7 7. Re1 Nf6 8. Nc3 0-0 9. Be3 Qa5 10. Nd2 Ng4 11. Nb3 Nxe3 12. Rxe3 Qc7 13. Re1 b6 14. Qe2 h5 15. e5 Bf5 16. a4 a5 17. f4 Bh6 18. Qf2 Rad8 19. Ne4 Bxe4 20. Rxe4 e6 21. Qh4 Bg7 22. Qh3 Rd7 23. Rf1 Rfd8 24. Rf2 Qa7 25. g4 hxg4 26. Qxg4 b5 27. h4 c4 28. Nc1 Rd4 29. Re1 cxd3 30. Nxd3 Rxa4 31. Kf1 Qe7 32. Rg2 Bh6 33. Rf2 Kh7 34. h5 g5 35. Qf3 gxf4 36. Qxc6 Rd5 37. Rh2 Qg5 38. b3 Rad4 39. c4 Rd8 40. Nf2 Rg8 41. Rh1 Qg3 42. Rd1 Rxd1+ 43. Nxd1 Qd3+ 44. Kf2 Qd2+ 0-1

[Event "Kowalewo Pomorskie op-B 17th"]
[Site "Kowalewo Pomorskie"]
[Date "2010.07.10"]
[Round "9"]
[White "Przybylowicz, Kazimierz"]
[Black "Mazalon, Mateusz"]
[Result "0-1"]
[WhiteElo "1831"]
[BlackElo "1837"]
[PlyCount "92"]
[EventDate "2010.07.04"]
[EventType "swiss"]
[EventRounds "9"]
[EventCountry "POL"]
[SourceTitle "EXT 2011"]
[Source "ChessBase"]
[SourceDate "2010.11.26"]
[SourceVersion "1"]
[SourceVersionDate "2010.11.26"]
[SourceQuality "1"]

1. e4 c5 2. Nf3 a6 3. c3 e6 4. d4 d5 5. e5 cxd4 6. cxd4 Nc6 7. Bd3 Nge7 8. 0-0 Nf5 9. Bxf5 exf5 10. Nc3 Be6 11. Ne2 Be7 12. a3 g5 13. b4 h5 14. Nd2 h4 15. Nb3 f4 16. Nc5 Bxc5 17. bxc5 f3 18. gxf3 Bh3 19. Re1 Qd7 20. Kh1 g4 21. e6 fxe6 22. Nf4 e5 23. dxe5 0-0-0 24. Nxh3 gxh3 25. Bg5 Rde8 26. f4 d4 27. Qf3 Qf5 28. Qe4 Qg4 29. Rg1 Rxe5 30. Qxc6+ bxc6 31. Rxg4 Re4 32. Kg1 d3 33. Kf1 Rhe8 34. f3 Re2 35. Bf6 R8e3 36. Rg8+ Kc7 37. Rg7+ Kc8 38. Rg8+ Kd7 39. Rd8+ Ke6 40. Bxh4 Rxf3+ 41. Kg1 Rg2+ 42. Kh1 d2 43. Bg3 Rc3 44. f5+ Ke7 45. Bh4+ Kf7 46. Rd7+ Kg8 0-1

[Event "Kowalewo Pomorskie op-B 17th"]
[Site "Kowalewo Pomorskie"]
[Date "2010.07.04"]
[Round "1"]
[White "Przybylowicz, Kazimierz"]
[Black "Czerwinska, Luiza"]
[Result "1/2-1/2"]
[WhiteElo "1831"]
[BlackElo "1456"]
[PlyCount "78"]
[EventDate "2010.07.04"]
[EventType "swiss"]
[EventRounds "9"]
[EventCountry "POL"]
[SourceTitle "EXT 2011"]
[Source "ChessBase"]
[SourceDate "2010.11.26"]
[SourceVersion "1"]
[SourceVersionDate "2010.11.26"]
[SourceQuality "1"]

1. e4 c5 2. Nc3 Nc6 3. f4 e5 4. f5 Nf6 5. Bc4 Bd6 6. Nf3 0-0 7. 0-0 Be7 8. d3 d6 9. Bg5 Ng4 10. Bxe7 Nxe7 11. Qe1 Nf6 12. Qh4 Re8 13. Ng5 Rf8 14. Rf3 Nc6 15. Rh3 h6 16. g4 Nd4 17. Nxf7 Rxf7 18. g5 Nh7 19. Bxf7+ Kf8 20. Rf1 Nxg5 21. Bb3 Nxh3+ 22. Qxh3 Nxb3 23. axb3 Qg5+ 24. Kh1 Qd2 25. Qg3 Qg5 26. Qxg5 hxg5 27. Rg1 Rb8 28. Rxg5 b5 29. Rg6 Rb6 30. Nd5 Rc6 31. f6 gxf6 32. Rxf6+ Kg7 33. Rf3 Ra6 34. Kg2 b4 35. Kg3 Ra2 36. c3 bxc3 37. bxc3 Ra1 38. Nc7 Bd7 39. Nd5 Rd1 1/2-1/2

[Event "Rowy Veterans 14th"]
[Site "Rowy"]
[Date "2008.09.03"]
[Round "6.9"]
[White "Przybylowicz, Kazimierz"]
[Black "Gasik, Jadwiga"]
[Result "1/2-1/2"]
[WhiteElo "1848"]
[BlackElo "2023"]
[PlyCount "53"]
[EventDate "2008.08.30"]
[EventType "swiss"]
[EventRounds "9"]
[EventCountry "POL"]
[SourceTitle "EXT 2023"]
[Source "ChessBase"]
[SourceDate "2022.10.05"]
[SourceVersion "1"]
[SourceVersionDate "2022.10.05"]
[SourceQuality "1"]

1. e4 c6 2. d4 d5 3. Nc3 dxe4 4. Nxe4 Nf6 5. Nxf6+ gxf6 6. c3 Bf5 7. Nf3 Nd7 8. g3 e5 9. Bg2 Be6 10. 0-0 Qc7 11. dxe5 fxe5 12. Ng5 Bc4 13. Re1 h6 14. Ne4 0-0-0 15. Be3 f5 16. Nd2 Be6 17. Qa4 Bc5 18. Bxc5 Nxc5 19. Qxa7 Nd3 20. Re2 f4 21. Ne4 Bg4 22. f3 Bf5 23. g4 Be6 24. Rd2 c5 25. Bf1 c4 26. Rad1 b6 27. Qxc7+ 1/2-1/2

[Event "Gdansk op"]
[Site "Gdansk"]
[Date "2008.07.22"]
[Round "5"]
[White "Grota, Mateusz"]
[Black "Przybylowicz, Kazimierz"]
[Result "1/2-1/2"]
[WhiteElo "1767"]
[BlackElo "1848"]
[PlyCount "69"]
[EventDate "2008.07.19"]
[EventType "swiss"]
[EventRounds "9"]
[EventCountry "POL"]
[SourceTitle "EXT 2009"]
[Source "ChessBase"]
[SourceDate "2008.11.26"]
[SourceVersion "1"]
[SourceVersionDate "2008.11.26"]
[SourceQuality "1"]

1. e4 c5 2. Nf3 Nc6 3. Bb5 g6 4. 0-0 Bg7 5. Bxc6 dxc6 6. h3 e5 7. d3 Ne7 8. Be3 b6 9. Qc1 0-0 10. Bh6 f6 11. b3 Be6 12. Bxg7 Kxg7 13. Qe3 Qd7 14. Nc3 g5 15. Ne2 g4 16. hxg4 Bxg4 17. Nh2 Bxe2 18. Qxe2 Ng6 19. Qg4 Qf7 20. f4 exf4 21. Rxf4 Kh8 22. Rf2 Rae8 23. Raf1 Ne5 24. Qf5 Nd7 25. Ng4 Qg7 26. Rf3 Ne5 27. Nxe5 Rxe5 28. Qh3 Rg5 29. Qh2 Rg8 30. R1f2 Rg6 31. Rf5 Rh6 32. Rh5 Rg6 33. Rhf5 Rh6 34. Qf4 Rg6 35. Qh2 1/2-1/2

[Event "Przelazy op"]
[Site "Przelazy"]
[Date "2008.03.19"]
[Round "9"]
[White "Pazdzior, Jaroslaw"]
[Black "Przybylowicz, Kazimierz"]
[Result "1-0"]
[WhiteElo "2118"]
[BlackElo "1872"]
[PlyCount "40"]
[EventDate "2008.03.14"]
[EventType "swiss"]
[EventRounds "9"]
[EventCountry "POL"]
[SourceTitle "EXT 2010"]
[Source "ChessBase"]
[SourceDate "2010.11.25"]
[SourceVersion "1"]
[SourceVersionDate "2010.11.25"]
[SourceQuality "1"]

1. e4 c5 2. c3 d5 3. exd5 Qxd5 4. d4 Nc6 5. Nf3 Bg4 6. Be2 cxd4 7. cxd4 Nf6 8. Nc3 Qf5 9. Be3 e6 10. h3 Bxf3 11. Bxf3 Be7 12. Qb3 0-0-0 13. 0-0 h5 14. Rac1 Nd5 15. Be4 Qf6 16. Nxd5 exd5 17. Bxd5 Rd6 18. Bxc6 Rxc6 19. Rxc6+ bxc6 20. Rc1 g5 1-0

[Event "Przelazy op"]
[Site "Przelazy"]
[Date "2008.03.15"]
[Round "4"]
[White "Przybylowicz, Kazimierz"]
[Black "Adamek, Przemyslaw"]
[Result "0-1"]
[WhiteElo "1872"]
[BlackElo "1932"]
[PlyCount "82"]
[EventDate "2008.03.14"]
[EventType "swiss"]
[EventRounds "9"]
[EventCountry "POL"]
[SourceTitle "EXT 2010"]
[Source "ChessBase"]
[SourceDate "2010.11.25"]
[SourceVersion "1"]
[SourceVersionDate "2010.11.25"]
[SourceQuality "1"]

1. e4 c5 2. Nf3 Nc6 3. d4 cxd4 4. Nxd4 Nf6 5. Nc3 e5 6. Ndb5 d6 7. Nd5 Nxd5 8. exd5 Nb8 9. c4 Be7 10. Bd3 0-0 11. 0-0 a6 12. Nc3 f5 13. f3 Bg5 14. Kh1 Nd7 15. b4 a5 16. bxa5 Bxc1 17. Rxc1 Nc5 18. Bb1 Bd7 19. Bc2 Qxa5 20. Bb3 Qb4 21. Qc2 Qb6 22. Rb1 Qd8 23. Nb5 Bxb5 24. cxb5 b6 25. a4 Qh4 26. Ra1 g6 27. Ra2 Rac8 28. Qd1 Qb4 29. Bc2 Nb7 30. g4 f4 31. h4 Rc3 32. h5 Kg7 33. Rf2 Qc4 34. Rb2 Rc8 35. hxg6 hxg6 36. Kg2 Rh8 37. Qb1 Rh6 38. Rb4 Qc5 39. Be4 Rh2+ 40. Kxh2 Qxf2+ 41. Kh1 Re3 0-1

[Event "POL-ch Seniors 18th"]
[Site "Rowy"]
[Date "2007.09.14"]
[Round "7.19"]
[White "Przybylowicz, Kazimierz"]
[Black "Janocha, Jan"]
[Result "1-0"]
[WhiteElo "1883"]
[BlackElo "1808"]
[PlyCount "66"]
[EventDate "2007.09.09"]
[EventType "swiss"]
[EventRounds "9"]
[EventCountry "POL"]
[SourceTitle "EXT 2023"]
[Source "ChessBase"]
[SourceDate "2022.10.05"]
[SourceVersion "1"]
[SourceVersionDate "2022.10.05"]
[SourceQuality "1"]

1. e4 e6 2. d4 d5 3. Nc3 Nf6 4. e5 Nfd7 5. f4 c5 6. Nf3 Nc6 7. dxc5 Bxc5 8. Bd3 g6 9. Bd2 a6 10. h4 Nb4 11. Qe2 h5 12. 0-0-0 b5 13. Ng5 Nb6 14. Be3 Qc7 15. Bxc5 Qxc5 16. g4 Nxd3+ 17. Qxd3 Qc4 18. Nce4 Ke7 19. Qxc4 Nxc4 20. Nf6 Ne3 21. Rd3 Nxg4 22. Nxg4 hxg4 23. Rc3 Bd7 24. Rc7 Rad8 25. Ra7 f6 26. exf6+ Kxf6 27. Rxa6 Rh5 28. Re1 Rxh4 29. Nxe6 Bxe6 30. Rexe6+ Kf5 31. Rf6+ Ke4 32. Rxg6 Kxf4 33. Raf6+ Kg3 1-0

[Event "POL-ch Seniors 18th"]
[Site "Rowy"]
[Date "2007.09.10"]
[Round "3.13"]
[White "Lada, Ireneusz"]
[Black "Przybylowicz, Kazimierz"]
[Result "1-0"]
[WhiteElo "2141"]
[BlackElo "1883"]
[PlyCount "81"]
[EventDate "2007.09.09"]
[EventType "swiss"]
[EventRounds "9"]
[EventCountry "POL"]
[SourceTitle "EXT 2023"]
[Source "ChessBase"]
[SourceDate "2022.10.05"]
[SourceVersion "1"]
[SourceVersionDate "2022.10.05"]
[SourceQuality "1"]

1. c4 Nf6 2. Nc3 g6 3. Nf3 Bg7 4. g3 0-0 5. Bg2 d6 6. 0-0 c5 7. d4 Nbd7 8. b3 a6 9. Bb2 Rb8 10. a4 cxd4 11. Nxd4 Nc5 12. b4 Ne6 13. Nc2 Ng4 14. h3 Ne5 15. Ne3 Nc6 16. Ned5 Nc7 17. Nxc7 Qxc7 18. Nd5 Qd8 19. Bxg7 Kxg7 20. b5 Ne5 21. f4 Nd7 22. Qd4+ f6 23. a5 Nc5 24. Ra3 e5 25. Qd2 Be6 26. Rd1 axb5 27. cxb5 Bd7 28. Nc3 Qc8 29. Kh2 Be6 30. Qxd6 exf4 31. gxf4 Rf7 32. Qb6 Bb3 33. Rf1 Bc4 34. Bd5 Bxd5 35. Nxd5 Nd7 36. Qd4 Qc2 37. Qd3 Qc5 38. Rc3 Qd6 39. Rd1 Nc5 40. Qc4 Ne6 41. Rcd3 1-0